| 000 | 00529cam a22001691 4500 | ||
|---|---|---|---|
| 082 | 0 | 0 |
_a355.009254 _bMAS |
| 100 | 1 |
_aMasters, John, _948959 |
|
| 245 | 1 | 0 |
_aBugles and a tiger; _ba personal adventure |
| 260 |
_aNew York, _bViking Press, _c1956. |
||
| 300 |
_a312 p. _billus. _c23 cm. |
||
| 526 |
_a0 _b0 _c0 _d355_009254000000000_MAS |
||
| 650 | 0 |
_aAmericans _zIndia _xBiography. _948960 |
|
| 650 | 0 |
_aMCE _9379 |
|
| 650 | 0 |
_aNovelists, American _xBiography. _948961 |
|
| 650 | 0 |
_aSoldiers _zIndia _xBiography. _948962 |
|
| 942 |
_2ddc _cBK |
||
| 999 |
_c551807 _d551807 |
||